Gato enamorado / (Registro nro. 10567)

Detalles MARC
000 -LIDER
fixed length control field 01006nam a2200361 b 4500
001 - NÚMERO DE CONTROL
Identificador de número de control 0001847
003 - IDENTIFICACDOR DE NÚMERO DE CONTROL
control field DO-SdBNP
005 - DATE AND TIME OF LATEST TRANSACTION
control field 20180126084038.0
007 - CAMPOS FIJOS DE DESCRIPCIÓN FÍSICA
fixed length control field 0001847
008 - ELEMENTOS DE LONGITUD FIJA
fixed length control field 030423s 2003 sp | ||| ||spa
016 7# - NO. DE CONTROL DE LA AGENCIA BIB. NACIONAL
Record control number
Source BPMSU
017 ## - NÚMERO DE REGISTRO DE DERECHOS DE AUTOR
Copyright or legal deposit number
Assigning agency
020 ## - ISBN
International Standard Book Number 8433969897
035 ## - NÚMERO LOCAL
System control number
040 ## - FUENTE DE CATALOGACIÓN
Agencia que crea de manera original el registro BPMSU
Idioma de catalogación spa
Agencia que realiza la transcripción BPMSU
Convenciones de la despripción
041 1# - CÓDIGOS DE OBRAS TRADUCIDAS O EN VARIOS IDIOMAS
Código del idioma del texto/archivo de sonido o separata spa
Cód. del idioma original y/o traducciones intermedias del texto
080 #0 - NÚMERO DE CLASIFICACIÓN DECIMAL UNIVERSAL
Universal Decimal Classification number
082 ## - NÚMERO DE CLASIFICACIÓN DECIMAL DE DEWEY
Edition number
Classification number 813.5
Item number O132g
100 1# - ASIENTO PRINCIPAL -- NOMBRE PERSONAL
Nombre personal O'Brien, Tim
240 10 - TITULO UNIFORME
Título uniforme Tomcat in love
Idioma de una obra Español
245 10 - MENCIÓN DE TITULO
Título Gato enamorado /
Medio (Designación general de material)
Mención de responsabilidad Tim O'Brien ; traducción de Daniel Najmías
260 ## - PUBLICACIÓN, DISTRIBUCIÓN, ETC. (PIE DE IMPRENTA)
Lugar de publicación, distribución, etc Barcelona :
Nombre del editor, distribuidor, etc. Anagrama,
Fecha de publicación, distribución, etc 2003
300 ## - DESCRIPCIÓN FÍSICA
Extensión 401 p.;
Dimensiones 22 cm
490 ## - MENCIÓN DE SERIES
Mención de serie Panorama de narrativas
Volume/sequential designation 529
500 ## - NOTA GENERAL
Nota general Notas al pie de las páginas
650 ## - ENCABEZAMIENTO DE MATERIA--TEMÁTICO
Término temático o nombre geográfico como elemento de entrada NOVELA ESTADOUNIDENSE
650 ## - ENCABEZAMIENTO DE MATERIA--TEMÁTICO
Término temático o nombre geográfico como elemento de entrada INFIDELIDAD
Subdivisión de forma NOVELA
700 ## - ASIENTO SECUNDARIO -- NOMBRE PERSONAL
Nombre personal Najmías, Daniel
Mención de responsabilidad tr.
830 ## - ASIENTO SECUNDARIO DE SERIE--TÍTULO UNIFORME
Título uniforme Panorama de narrativas
Volume number/sequential designation 529
942 ## - ADDED ENTRY ELEMENTS (KOHA)
Source of classification or shelving scheme Dewey Decimal Classification
Koha item type Libros
945 ## - INFORMACIÓN DE PROCESAMIENTO LOCAL
Información de procesamiento local Inventariado extranjero / 2018 VM
956 ## - LOCAL ELECTRONIC LOCATION AND ACCESS (OCLC)
Nombre de host VMATEO
Número de acceso 10
Información de compresión 20160624
Trayectoria BPMSU
Nombre Electrónico 0069
Existencias
Withdrawn status Lost status Source of classification or shelving scheme Damaged status Not for loan Home library Current library Date acquired Total Checkouts Full call number Barcode Date last seen Price effective from Koha item type
    Dewey Decimal Classification     Biblioteca Pública Metropolitana Salomé Ureña Biblioteca Pública Metropolitana Salomé Ureña 06/24/2016   813.5 O132g BPMSU16060502 06/24/2016 06/24/2016 Libros